Online
Catalog

Ejerciendo la libertad de tránsito y la libertad de expresiòn / (Record no. 51532)

MARC details
000 -CABECERA
campo de control de longitud fija 00735nam a22002177a 4500
003 - IDENTIFICADOR DEL NÚMERO DE CONTROL
campo de control OSt
005 - FECHA Y HORA DE LA ÚLTIMA TRANSACCIÓN
campo de control 20220412120631.0
008 - DATOS DE LONGITUD FIJA--INFORMACIÓN GENERAL
campo de control de longitud fija 110301s2021 dr 000 0 spa d
020 ## - NÚMERO INTERNACIONAL ESTÁNDAR DEL LIBRO
Número Internacional Estándar del Libro 9789945924978
040 ## - FUENTE DE LA CATALOGACIÓN
Centro catalogador/agencia de origen DO-SdBNP
Lengua de catalogación spa
Centro/agencia transcriptor BNPHU
082 ## - NÚMERO DE LA CLASIFICACIÓN DECIMAL DEWEY
Número de clasificación xxxx
Número de documento/Ítem N393e
100 1# - ENTRADA PRINCIPAL--NOMBRE DE PERSONA
Nombre de persona Negro Veras, Ramón Antonio
9 (RLIN) 53018
Fechas asociadas al nombre 1938-
245 10 - MENCIÓN DE TÍTULO
Título Ejerciendo la libertad de tránsito y la libertad de expresiòn /
Mención de responsabilidad, etc. Ramón Antonio Negro Veras
260 ## - PUBLICACIÓN, DISTRIBUCIÓN, ETC.
Lugar de publicación, distribución, etc. Santo Domingo :
Nombre del editor, distribuidor, etc. Océano Azul ediciones.
Fecha de publicación, distribución, etc. 2021.
300 ## - DESCRIPCIÓN FÍSICA
Extensión 221 p. :
Dimensiones 23 cm.
500 ## - NOTA GENERAL
Nota general Incluye datos biográficos del autor en la solapa de la portada.
500 ## - NOTA GENERAL
Nota general Incluye índice onomástico.
590 ## - NOTA LOCAL (RLIN)
Nota local Inventariado, 2022/ YL
910 ## - DATOS DE OPCIÓN DEL USUARIO (OCLC)
Datos de opción del usuario YLockward
942 ## - ELEMENTOS DE PUNTO DE ACCESO ADICIONAL (KOHA)
Fuente del sistema de clasificación o colocación Dewey Decimal Classification
Tipo de ítem Koha Libro
Holdings
Estado de retiro Estado de pérdida Fuente del sistema de clasificación o colocación Restricciones de uso No para préstamo Código de colección Localización permanente Ubicación/localización actual Ubicación en estantería Fecha de adquisición Fuente de adquisición Total de préstamos Signatura topográfica completa Código de barras Fecha visto por última vez Precio válido a partir de Tipo de ítem Koha Número de copia
    Dewey Decimal Classification Préstamo restringido   Patrimonio Dominicano Biblioteca Nacional Pedro Henríquez Ureña Biblioteca Nacional Pedro Henríquez Ureña En catalogación 01.02.2022 Editora Búho   xxxx N393e 2022-1370 12.04.2022 12.04.2022 Libro  
    Dewey Decimal Classification Préstamo restringido   Patrimonio Dominicano Biblioteca Nacional Pedro Henríquez Ureña Biblioteca Nacional Pedro Henríquez Ureña En catalogación 01.02.2022 Editora Búho   xxxx N393e 2022-1371 12.04.2022 12.04.2022 Libro e. 2
    Dewey Decimal Classification Préstamo en sala   Patrimonio Dominicano Biblioteca Nacional Pedro Henríquez Ureña Biblioteca Nacional Pedro Henríquez Ureña En catalogación 01.02.2022 Editora Búho   xxxx N393e 2022-1372 12.04.2022 12.04.2022 Libro e. 3

Powered by Koha